Statystyki dla 30 największych miast Azji

Kliknij tutaj aby rozwiązać quiz!

Ogólne statystyki

  • Ten quiz został rozwiązany 140 razy
  • Średni wynik to 12 z 30

Statystyki odpowiedzi

PopulacjaMiasto% Poprawnych
39,9 mlnTokio
98%
20,0 mlnPekin
96%
28,4 mlnDelhi
73%
30,3 mlnDżakarta
69%
29,5 mlnSzanghaj
68%
14,7 mlnTeheran
64%
18,4 mlnBangkok
60%
24,6 mlnSeul
60%
24,2 mlnMumbaj
55%
17,7 mlnOsaka
55%
14,8 mlnStambuł
51%
24,6 mlnManila
50%
45,6 mlnKanton
49%
8,60 mlnKuala Lumpur
45%
18,8 mlnDhaka
42%
16,9 mlnKaraczi
40%
8,80 mlnWuhan
37%
9,18 mlnTajpej
31%
16,4 mlnKolkata
25%
10,7 mlnĆennaj
19%
8,45 mlnHo Chi Minh
19%
12,2 mlnLahaur
17%
10,5 mlnNagoja
17%
9,30 mlnChengdu
16%
12,7 mlnTiencin
14%
9,68 mlnHajdarabad
11%
11,5 mlnBengaluru
10%
8,08 mlnAhmadabad
7%
9,83 mlnXiamen
7%
8,25 mlnHangzhou
5%

Rozkład punktacji

Percentyl według liczby udzielonych odpowiedzi

Procent ludzi z każdym wynikiem

Twoja historia wyników

Nie rozwiązałeś tego quizu